000 02124nam a22002417a 4500
003 OSt
005 20260316110624.0
008 260316b |||||||| |||| 00| 0 eng d
020 _a9781511508711
040 _ctbs
041 _aEnglish
100 _aKline, A.S.
_926882
245 _aThe Restless Spirit
_b: A Scene by Scene Study of Goethe’s Faust
_c/ A. S. Kline with selected illustrations by William Blake.
260 _aLuxembourg
_bCreateSpace Independent Publishing Platform
_c2015
300 _a148 pages
520 _aThe Restless Spirit is a scene by scene commentary on, and a detailed analysis of, Goethe’s Faust Parts I and II, which considers the Romantic background of Part I, the move towards Classicism in Part II, and the moral and spiritual issues which Goethe raises throughout the work. In grappling with the complexity of the emerging Romantic Movement with its restless intellectual urge, and later in attempting a resolution of the Romantic situation, Goethe was handling many of the deepest problems of his age, and it is not surprising that he was forced to leave many issues unresolved. The reader who wishes to progress beyond a simple contemplation of the tragedy of Gretchen in Part I is presented here with a detailed discussion of Faust’s Romantic beginnings and later progress towards potential fulfilment, through his intricate pact with Mephistopheles and its dramatic outcome. While encouraging a positive view of the richness, poetic validity and complex treatment Goethe provides, this analysis does not shirk the more problematic moral, spiritual and social aspects of Goethe’s treatment of the subject, and leaves the reader to make his or her own judgement as to the success with which Goethe justifies Faust’s ultimate ‘redemption’.
600 0 _aGoethe, Johann Wolfgang von,
_b1749–1832.
_cFaust.
_926883
650 0 _aFaust (Legendary character) in literature.
_926884
650 0 _aRomanticism — Germany — History — 18th century.
_926885
650 0 _aGood and evil in literature.
_926886
700 _aBlake, William
_d1757-1827
_924446
942 _2lcc
999 _c5418
_d5418